IFM Opac

Financial Accounting and Reporting (Record no. 22147)

MARC details
000 -LEADER
fixed length control field 00346nam a22001457a 4500
020 ## - INTERNATIONAL STANDARD BOOK NUMBER
ISBN 978-1-292-39980-5
082 ## - DEWEY DECIMAL CLASSIFICATION NUMBER
Classification number 657.48
100 ## - MAIN ENTRY--AUTHOR NAME
Personal name Elliott, Jamie
245 ## - TITLE STATEMENT
Title Financial Accounting and Reporting
250 ## - EDITION STATEMENT
Edition statement 20th
260 ## - PUBLICATION, DISTRIBUTION, ETC. (IMPRINT)
Place of publication Harlow:
Name of publisher Pearson,
Year of publication 2022
300 ## - PHYSICAL DESCRIPTION
Number of Pages xxv, 801p.: ill.; 25cm
700 ## - ADDED ENTRY--PERSONAL NAME
Personal name Elliott, Barry
942 ## - ADDED ENTRY ELEMENTS (KOHA)
Koha item type Books
Holdings
Withdrawn status Lost status Damaged status Not for loan Collection code Permanent Location Current Location Shelving location Date acquired Source of acquisition Full call number Accession Number Price effective from Koha item type
        Non-fiction IFM Main Campus Library IFM Main Campus Library Work Room processing 01/14/2026 Purchased 657.48 ELL 000003057 01/14/2026 Books
        Non-fiction IFM Main Campus Library IFM Main Campus Library Work Room processing 01/14/2026 Purchased 657.48 ELL 0000030572 01/14/2026 Books